Giáo trình các hợp chất thiên nhiên có hoạt tính sinh học
Trình bày các hợp chất thiên nhiên có hoạt tính sinh học đang được sử dụng làm thuốc, mỹ phẩm, thực phẩm chức năng cho người, các sản phẩm dùng cho nông nghiệp như: các chất alcaloid, terpenoid, teroid, flavonoid, vitamin......
Na minha lista:
| Autor principal: | |
|---|---|
| Formato: | Livro |
| Idioma: | Undetermined |
| Publicado em: |
Hà Nội
Giáo dục Việt Nam
2011
|
| Assuntos: | |
| Tags: |
Adicionar Tag
Sem tags, seja o primeiro a adicionar uma tag!
|
| Thư viện lưu trữ: | Trung tâm Học liệu Trường Đại học Cần Thơ |
|---|
| LEADER | 00933nam a2200205Ia 4500 | ||
|---|---|---|---|
| 001 | CTU_176937 | ||
| 008 | 210402s9999 xx 000 0 und d | ||
| 020 | |c 36000 | ||
| 082 | |a 615.32 | ||
| 082 | |b K312 | ||
| 100 | |a Phan, Quốc Kinh | ||
| 245 | 0 | |a Giáo trình các hợp chất thiên nhiên có hoạt tính sinh học | |
| 245 | 0 | |c Phan Quốc Kinh | |
| 260 | |a Hà Nội | ||
| 260 | |b Giáo dục Việt Nam | ||
| 260 | |c 2011 | ||
| 520 | |a Trình bày các hợp chất thiên nhiên có hoạt tính sinh học đang được sử dụng làm thuốc, mỹ phẩm, thực phẩm chức năng cho người, các sản phẩm dùng cho nông nghiệp như: các chất alcaloid, terpenoid, teroid, flavonoid, vitamin... | ||
| 650 | |a Medicinal plants,Thuốc thực vật | ||
| 904 | |i Hải | ||
| 980 | |a Trung tâm Học liệu Trường Đại học Cần Thơ | ||